000 00605nam a2200193Ia 4500
005 20250508164837.0
008 008 250505s9999 xx 000 0 eng d
037 _aDissertations
040 _aFEDL
_beng
_cFEDL
041 _aeng
_2eng
084 _a300.7, KUJ/DI
_qFEDL
100 _aKujur Mary Pratibha
_9779279
245 0 _aStudy of the teachers' awareness of the social science and its implication for teaching the subject
260 _c2009
300 _a95p.
546 _aM. Ed. Dissertation (Delhi University)
942 _cDIS
_h300.7, KUJ/DI
999 _c1391535
_d1391535